000 00564nam a2200181Ia 4500
008 100917s9999 xx 000 0 und d
082 _b23179
100 _aओक नारायण गंगाधरशास्त्री - संपा.
245 _aदेवी भागवत
260 _bक्षीरसागर प्रकाशन
_c1969
300 _a408
365 _b40
520 _aपुराण
630 _aदेवी भागवत
650 _aपुराण
730 _aदेवी भागवत
942 _cBOOK
999 _c628573
_d628570